000 00607nam a2200169 4500
008 180119b xxu||||| |||| 00| 0 eng d
020 _a0-8016-5818-7
082 _21993
_aDC 617.96
_bR72
100 _925730
_aRogers, Mark C.
245 _aPrinciples and practice of anesthesiology, volume 2/
_cMark C. Rofers, John H. Tinker, Benjamin G. Covino, and David E. Longnecker.
260 _aSt. Louis:
_bMosby Year Book,
_c©1993.
300 _axxiii, 1,493 pages:
_bcolor illustration;
_c28 cm.
500 _aIncludes index.
650 0 _925731
_aAnesthesia
700 _925732
_aRogers, Mark C.
942 _2ddc
_cDC
999 _c8319
_d8319